| 000 | 02807nam0a22003971 4500 | ||
|---|---|---|---|
| 001 | RU\NLR\A1\25407 | ||
| 005 | 20251223115034.0 | ||
| 035 | _a(NLR Aleph) 009679731 | ||
| 090 |
_a9697266 _c9697266 |
||
| 100 | _a19990513f17601770u a0rusy50 ca | ||
| 101 | 0 | _arus | |
| 102 | _aRU | ||
| 200 | 1 |
_aЕго императорскаго величества блаженныя и вечной славы достойныя памяти государя императора Петра Великаго всемилостивейшее учреждение и регламент или Устав Главнаго магистрата, по которому оной отправлять имеет. _eДан в Санктпетербурге генваря 16 дня 1721 года. _f[Вторично напечатан по высочайшему указу всепресветлейшия державнейшия великия государыни императрицы Елисаветы Петровны самодержицы всероссийския при Сенате 1743 года ноября 15 дня] |
|
| 210 |
_a[М. _cСенат. тип. _dБ.г.] |
||
| 215 |
_a35, [1] с. _d4° |
||
| 303 | _aБез тит. л. | ||
| 306 | _aВ конце Устава на с.18 вых. дан. изд., с которого сделана перепеч.: Печатаны в Санктпетербурге 1721 генваря в 28 день. Вторично напечатан по высочайшему указу имп. Елисаветы Петровны... при Сенате 1743 года ноября 15 дня | ||
| 317 |
_aЭкз. ФБ РГПУ из собрания И. И. Дитятина _5ФБ РГПУ |
||
| 321 | 1 | _aСК XVIII 7636 | |
| 327 | 0 | _aМагистратские пункты о купечестве 1723 года [!] (С.23-28) | |
| 517 | 1 | _aУчреждение и регламент или Устав Главнаго магистрата, по которому оной отправлять имеет | |
| 620 | _dСанкт-Петербург | ||
| 702 | 0 |
_6z01790 _aЕлизавета Петровна _cимператрица российская _f1709-1762 _3RU\NLR\AUTH\778655 _4400 |
|
| 702 | 0 |
_aПетр _cимператор российский _dI _f1672-1725 _3RU\NLR\AUTH\778862 _4720 |
|
| 702 | 1 |
_aДитятин _bИ. И. _f1847-1892 _gИван Иванович _5ФБ РГПУ _4390 |
|
| 712 | 0 | 2 |
_aСенатская типография _cПетербург _3RU\NLR\AUTH\889940127 _4610 |
| 790 | 0 |
_6z02702 _aЕлиcавета Петровна |
|
| 801 | 0 |
_aRU _bNLR _c19990513 |
|
| 852 |
_aNLR _j18.78.2.278 |
||
| 852 |
_aNLR _j140/608 |
||
| 899 | _aРГБ | ||
| 899 | _aФБ РГПУ | ||
| 942 | _cBOOK | ||
| 980 | _aNB | ||
| 980 | _aA1XVIIIv | ||